[Event "Chigorin Memorial Open"]
[Site "St Petersburg RUS"]
[Date "2011.10.22"]
[Round "9.116"]
[White "Khatenever, Feliks"]
[Black "Lagashin, Pavel"]
[Result "1/2-1/2"]
[WhiteElo "1864"]
[BlackElo "2140"]
[WhiteFideId "4131800"]
[BlackFideId "24132144"]
[EventDate "2011.10.14"]

1. d4 d5 2. e3 g6 3. Nf3 Bg7 4. c4 Nf6 5. cxd5 O-O 6. Be2 Nxd5 7. O-O Bf5 8. Nc3
Nxc3 9. bxc3 c5 10. Qb3 Qc7 11. a4 Nc6 12. Ba3 Na5 13. Qd1 b6 14. Nh4 Be6 15.
Nf3 Rad8 16. Nd2 f5 17. Bb2 Bf7 18. f4 Rd6 19. Qe1 Rfd8 20. Rc1 e5 21. fxe5 Bxe5
22. Nf3 Bg7 23. Qg3 Qe7 24. Qf2 Bh6 25. Ne5 Re6 26. Rcd1 Rxe5 27. dxe5 Rxd1 28.
Rxd1 Qxe5 29. Kh1 Bxe3 30. Rd8+ Kg7 31. c4 Qxb2 32. Qxe3 Nc6 33. Rd1 Qf6 34. h3
Nd4 35. Bf1 g5 36. a5 f4 37. Qf2 h5 38. axb6 axb6 39. Be2 Qe5 40. Bd3 g4 41.
hxg4 hxg4 42. Qh4 g3 43. Qh7+ Kf8 44. Qh6+ Ke7 45. Rf1 Ne6 46. Qh4+ Qf6 47.
Qxf6+ Kxf6 48. Rb1 Ke5 49. Rxb6 Kd4 50. Rd6+ Kc3 51. Be4 Nd4 52. Rf6 Bxc4 53.
Rxf4 Be2 54. Kg1 c4 55. Rf6 Bd3 56. Bd5 Kd2 57. Bxc4 Bxc4 58. Rd6 Ke3 59. Rd8
Ne2+ 60. Kh1 Nf4 61. Re8+ Be6 62. Kg1 Ke4 63. Kh1 Ke5 64. Re7 Kf6 65. Ra7 Bd5
66. Ra3 Nh5 67. Kg1 Kf5 68. Re3 Kg4 69. Re7 Kf4 70. Rd7 Be4 71. Ra7 Kg4 72. Ra4
Nf6 73. Rb4 Kf4 74. Rb6 Nd5 75. Rb2 1/2-1/2

[Event "Chigorin Memorial Open"]
[Site "St Petersburg RUS"]
[Date "2011.10.22"]
[Round "9.117"]
[White "Shagdurov, Denis"]
[Black "Klepikov, Nikita"]
[Result "1-0"]
[WhiteElo "1789"]
[BlackElo "1992"]
[WhiteFideId "24136735"]
[BlackFideId "24145220"]
[EventDate "2011.10.14"]

1. e4 c5 2. Nf3 d6 3. d4 cxd4 4. Nxd4 Nf6 5. Nc3 g6 6. Be2 Bg7 7. O-O O-O 8. Re1
Nc6 9. Nb3 Be6 10. Bf1 a5 11. a4 Rc8 12. Bg5 Bxb3 13. cxb3 Nb4 14. Rc1 h6 15.
Bh4 Qb6 16. Bc4 e6 17. Qd2 Kh7 18. Bf1 Na6 19. Bxa6 bxa6 20. Red1 Qxb3 21. Qe2
Qb6 22. Rc2 Rc6 23. Rcd2 Re8 24. Qf3 g5 25. Bg3 e5 26. h4 g4 27. Qf5+ Kg8 28. h5
Re6 29. Bh4 Qb3 30. Nd5 1-0

[Event "Chigorin Memorial Open"]
[Site "St Petersburg RUS"]
[Date "2011.10.22"]
[Round "9.118"]
[White "Filin, Evgeny"]
[Black "Nezbailo, Dmitry"]
[Result "0-1"]
[WhiteElo "1709"]
[BlackElo "1966"]
[WhiteFideId "24184764"]
[BlackFideId "4199057"]
[EventDate "2011.10.14"]

1. e4 c6 2. Nf3 d5 3. exd5 cxd5 4. Bb5+ Bd7 5. Bxd7+ Nxd7 6. d4 e6 7. O-O Bd6 8.
Bg5 Ngf6 9. Nbd2 O-O 10. Re1 Qb6 11. c4 dxc4 12. Nxc4 Qa6 13. Nxd6 Qxd6 14. Ne5
Nxe5 15. dxe5 Qxd1 16. Raxd1 Nd5 17. a3 Rac8 18. Rc1 Rfe8 19. g3 h6 20. Bd2 Kf8
21. h4 Ke7 22. Rxc8 Rxc8 23. Rc1 Rxc1+ 24. Bxc1 Kd7 25. Kf1 Kc6 26. Ke2 Ne7 27.
Kd3 Kd5 28. b3 Nc6 29. f4 h5 30. Be3 a6 31. Bb6 Ne7 32. Bg1 Nf5 33. Bf2 Nh6 34.
Be1 Ng4 35. a4 f6 36. exf6 gxf6 37. Bc3 b5 38. Bd4 e5 39. fxe5 fxe5 40. Bg1 Nf6
41. axb5 axb5 42. b4 Ke6 43. Bc5 Kf5 44. Be7 Ne4 45. Ke3 Nxg3 46. Bg5 Ne4 47.
Be7 Nc3 48. Bc5 Nd5+ 49. Kf3 e4+ 50. Kg3 Ke5 51. Kf2 Kf4 52. Bd6+ Kg4 53. Kg2 e3
54. Bc5 Nf4+ 55. Kf1 Kf3 0-1

[Event "Chigorin Memorial Open"]
[Site "St Petersburg RUS"]
[Date "2011.10.22"]
[Round "9.120"]
[White "Chuprova, Irina"]
[Black "Gusev, Boris"]
[Result "1-0"]
[WhiteElo "1919"]
[BlackElo "1734"]
[WhiteFideId "24138584"]
[BlackFideId "24121479"]
[EventDate "2011.10.14"]

1. e4 d6 2. d4 g6 3. Nc3 Nf6 4. f4 b6 5. Bd3 Bb7 6. Nf3 Nbd7 7. Be3 Bg7 8. Qd2
Ng4 9. Bg1 e5 10. h3 exd4 11. hxg4 dxc3 12. bxc3 Qe7 13. O-O-O O-O-O 14. Bd4
Bxd4 15. cxd4 Bxe4 16. Ba6+ Kb8 17. Rhe1 d5 18. Re3 f6 19. Qc3 Qd6 20. Nd2 f5
21. g3 h5 22. Nb1 hxg4 23. Bb5 c5 24. Bxd7 Rxd7 25. dxc5 Qf8 26. cxb6 axb6 27.
Qd4 Rh2 28. Rc3 Kb7 29. Nd2 Rc7 30. Nxe4 dxe4 31. Rxc7+ Kxc7 32. Qd7+ Kb8 33.
Qb5 Qf6 34. Qe8+ Kb7 35. Rd7+ Ka6 36. Qa8+ Kb5 37. Qd5+ Ka6 38. Qc4+ b5 39. Qc8+
Ka5 40. Ra7+ Kb4 41. a3# 1-0

[Event "Chigorin Memorial Open"]
[Site "St Petersburg RUS"]
[Date "2011.10.22"]
[Round "9.121"]
[White "Platonova, Lubov"]
[Black "Sladkov, Andrey"]
[Result "1-0"]
[WhiteElo "1901"]
[BlackElo "1885"]
[WhiteFideId "4178769"]
[BlackFideId "24160350"]
[EventDate "2011.10.14"]

1. c4 g6 2. Nc3 Bg7 3. g3 e5 4. e4 d6 5. Bg2 Ne7 6. Nge2 Nbc6 7. O-O O-O 8. d3
h6 9. h3 Kh7 10. f4 f5 11. Rb1 a5 12. Nd5 Rb8 13. Be3 Be6 14. Kh2 b5 15. cxb5
Rxb5 16. Nec3 Rb8 17. exf5 Nxf5 18. Bd2 Nfd4 19. Be4 Nb4 20. a3 Nxd5 21. Nxd5
Nb3 22. Ne3 Qd7 23. Bd5 Bxd5 24. Nxd5 c6 25. Nc3 Nxd2 26. Qxd2 exf4 27. gxf4 d5
28. Ne2 Qc7 29. Ng3 Rb3 30. d4 Qb6 31. f5 g5 32. f6 Rxf6 33. Rxf6 Bxf6 34. Qc2+
Kh8 35. Ne2 Kg7 36. Qf5 Qc7+ 37. Kg2 Re3 38. Qc2 Bxd4 39. Nxd4 Qg3+ 40. Kh1 Qh4
41. Nf5+ 1-0

[Event "Chigorin Memorial Open"]
[Site "St Petersburg RUS"]
[Date "2011.10.22"]
[Round "9.122"]
[White "Popov, Artemiy"]
[Black "Trofimchuk, Vladimir"]
[Result "1-0"]
[WhiteElo "1649"]
[BlackElo "1857"]
[WhiteFideId "24136727"]
[BlackFideId "4199227"]
[EventDate "2011.10.14"]

1. e4 e5 2. Nf3 Nf6 3. Nxe5 d6 4. Nf3 Nxe4 5. Nc3 Nxc3 6. dxc3 Be7 7. Be3 Bg4 8.
Qd5 c6 9. Qe4 Qd7 10. O-O-O d5 11. Qd4 Bf6 12. Qb4 a5 13. Qa3 Be7 14. Bc5 Bxc5
15. Qxc5 Bxf3 16. gxf3 Qe7 17. Qd4 O-O 18. Rg1 g6 19. c4 dxc4 20. Bxc4 b5 21.
Bd3 Na6 22. Qb6 Qe6 23. a3 a4 24. h4 Rfb8 25. Qd4 c5 26. Qf4 c4 27. Bf5 Qe7 28.
h5 Rb6 29. hxg6 hxg6 30. Rd7 Qf8 31. Qh4 1-0